书目信息 |
| 题名: |
绘画百喻经
|
|
| 作者: | 张乐平 画 | |
| 分册: | ||
| 出版信息: | 上海 少年儿童出版社 2000.08 |
|
| 页数: | 98页 | |
| 开本: | 24开 | |
| 丛书名: | ||
| 单 册: | ||
| 中图分类: | J228.2 | |
| 科图分类: | ||
| 主题词: | 绘画--中国 | |
| 电子资源: | ||
| ISBN: | 7-5324-4263-2 | |
| 000 | 00534nam0 2200193 45 | |
| 001 | 0011061532 | |
| 005 | 20001106155015.5 | |
| 010 | @a7-5324-4263-2@d10.00元 | |
| 100 | @a20001106d2000 km y0chiy0120 ea | |
| 101 | 0 | @achi |
| 105 | @a z 000yy | |
| 200 | 1 | @a绘画百喻经@AHui Hua Bai Yu Jing@f张乐平画@FZhang Yue Ping Hua |
| 210 | @a上海@c少年儿童出版社@d2000.08 | |
| 215 | @a98页@d24开 | |
| 606 | 0 | @a绘画@x中国 |
| 690 | @aJ228.2@v3 | |
| 701 | 0 | @a张乐平@4画 |
| 801 | @aCN@bPftUser@c20001106 | |
| 905 | @b199378-382@dJ228.2@eZH687@f5 | |
| 绘画百喻经/张乐平画.-上海:少年儿童出版社,2000.08 |
| 98页;24开 |
| ISBN 7-5324-4263-2:10.00元 |
| ● |
| 相关链接 |
|
|
|
正题名:绘画百喻经
索取号:J228.2/ZH687
 
预约/预借
| 序号 | 登录号 | 条形码 | 馆藏地/架位号 | 状态 | 备注 |
| 1 | 199378 | 201993780 | 社科库309/ [索取号:J228.2/ZH687] | 在馆 | |
| 2 | 199379 | 201993799 | 社科库309/309社科库 77排2列5层/ [索取号:J228.2/ZH687] | 在馆 | |
| 3 | 199380 | 201993806 | 社科库309/309社科库 77排2列5层/ [索取号:J228.2/ZH687] | 在馆 | |
| 4 | 199381 | 201993815 | 社科库309/ [索取号:J228.2/ZH687] | 在馆 | |
| 5 | 199382 | 201993824 | 社科库309/309社科库 77排2列5层/ [索取号:J228.2/ZH687] | 在馆 |